[Event "Ch Ukraine"]
[Site "masterchessopen.com Simferopol (Ukraine)"]
[Round "7"]
[White "Kuzmin Gennadi P (UKR)"]
[Black "Malaniuk Vladimir P (UKR)"]
[Result "1-0"]
[WhiteElo "2510"]
[BlackElo "2513"]

{ Malaniuk Vladimir P (UKR) +11 =12 -6 } 1.e4 { 1 } 1...e5 2.Nf3 Nc6 3.Bb5 g6
4.c3 a6 5.Ba4 d6 6.d4 Bd7 7.O-O Bg7 8.Re1 b5 ( 8...Nge7 9.Be3 O-O 10.Nbd2 exd4
11.Nxd4 Ne5 12.Bc2 Ng4 13.Bf4 Nc6 14.N2f3 Nge5 15.Nxc6 { 1/2-1/2, Zontakh
Andrey 2440 - Malaniuk Vladimir P 2610 , St. Petersburg 1994 Memorial
M.Chigorin } ) 9.Bb3 Nf6 { ?/= } 10.Bg5 ( 10.dxe5 Nxe5 11.Nxe5 dxe5 12.Bg5 h6
13.Bh4 O-O 14.Nd2 Qc8 15.Nf3 Nh5 16.a4 Bc6 17.h3 Qb7 18.axb5 axb5 19.Rxa8 Qxa8
20.Qc2 Re8 21.Nh2 Qa7 22.Qd1 Nf4 23.Ng4 g5 24.Bg3 Qc5 25.h4 Qe7 26.hxg5 Qxg5
27.Qf3 Rd8 28.Bxf4 exf4 29.Nh2 Re8 { ...1/2-1/2, Shchekachev Andrei 2560 -
Malaniuk Vladimir P 2610 , Linares 1996 It (open) } ) 10...h6 ( 10...O-O
11.dxe5 dxe5 12.Nbd2 Qe7 13.a4 h6 14.Bh4 Na5 15.Bc2 Rfd8 16.b4 Nb7 17.Qe2 c5
18.Reb1 Bc6 19.c4 cxb4 20.axb5 axb5 21.cxb5 Rxa1 22.Rxa1 Be8 23.Nb3 Qc7 24.Ra6
Bxb5 25.Qxb5 Qxc2 26.h3 Qxb3 27.Rxf6 Rd1+ 28.Kh2 Bxf6 29.Qe8+ { 1-0, Colovic
Aleksandar 2362 - Vassallo Mauricio 2438 , Linares 2002 It (open) } ) 11.Bh4 (
11.Bd2 O-O 12.dxe5 { } ) 11...O-O 12.a4 { } ( 12.Nbd2 exd4 13.Nxd4 Qb8 14.N2f3
Qb7 15.Nxc6 Bxc6 16.e5 Nh5 17.exd6 g5 18.Nxg5 hxg5 19.Qxh5 Bxg2 { 1-0, Aseev
Konstantin N 2575 - Malaniuk Vladimir P 2505 , Lvov 1990 Zt } ) 12...Re8 { N }
( 12...Qe7 13.Nbd2 Rfb8 14.Bd5 Qe8 15.dxe5 dxe5 16.axb5 axb5 17.Rxa8 Rxa8
18.Qe2 Ra4 19.Bxf6 Bxf6 20.Qxb5 Nb4 21.Qe2 Bb5 22.Bc4 Bxc4 23.Nxc4 Nc6 24.b3
Ra7 25.g3 Qa8 26.Rd1 h5 27.h4 Ra2 28.Rd2 Ra1+ 29.Rd1 Ra2 30.Rd2 Ra1+ 31.Kg2
Bg7 32.b4 { ...0-1, Day Lawrence A 2345 - Macskasy Elod 2280 , Toronto 1972 Ch
Canada } ) 13.dxe5 Nxe5 14.Nxe5 Rxe5 15.f4 { } ( 15.f3 { !? } 15...bxa4
16.Bxa4 Qb8 17.Re2 { } ) 15...Rh5 16.Bg3 bxa4 17.Bxa4 Bxa4 18.Rxa4 Rb5 19.Ra2
{ } ( 19.b4 { !? } 19...Nh5 20.Qd3 Nxg3 21.Qxg3 { } ) 19...Nh5 { } ( 19...Qb8
{ !? } 20.b4 a5 21.e5 dxe5 { } ) 20.Na3 Rbb8 21.Nc4 Nxg3 22.hxg3 h5 23.Qd3 h4
24.g4 Qf6 25.Rf1 Re8 26.Ra4 Qe6 27.Ne3 Qd7 28.Rfa1 Rab8 29.Qc2 Qb5 30.R1a2 Qc5
{ } ( 30...g5 { !? } 31.Nf5 gxf4 32.Rxa6 Qc5+ { } ) 31.Qf2 Qb5 32.Rc4 { ? } (
{ ? } 32.Nd5 Qd3 33.Qf3 Qb1+ 34.Kh2 { } ) 32...c6 { ? } ( { ? } 32...d5
33.Rca4 Rxe4 34.Rxe4 dxe4 { } ) 33.b4 d5 { } ( 33...Qb6 { !? } 34.Nc2 Qxf2+
35.Kxf2 d5 { } ) 34.Rc5 Qd3 35.e5 d4 36.cxd4 Qxd4 { } ( 36...Rxb4 { !? }
37.Rd2 Qe4 38.Nc2 Rb6 { } ) 37.Rc4 Qd3 38.g5 Red8 39.Rac2 { } ( 39.Rxa6 { !? }
39...Rxb4 40.Raxc6 Rb3 41.Nf1 { } ) 39...Rd4 40.Rxc6 { } ( 40.Rxd4 { !? }
40...Qxd4 41.Rc4 Qd3 42.Rxc6 { } ) {#r} 1-0

[Event "It (open)"]
[Site "masterchessopen.com Nova Gorica (Slovenia)"]
[Round "7"]
[White "Borisek Jure (SLO)"]
[Black "Malaniuk Vladimir P (UKR)"]
[Result "1-0"]
[WhiteElo "2489"]
[BlackElo "2513"]

1.e4 e5 2.Nf3 Nc6 3.Bb5 a6 4.Ba4 d6 5.c3 Bd7 6.d4 g6 7.O-O Bg7 8.Re1 b5 9.Bb3
Nf6 10.Nbd2 O-O 11.Nf1 Re8 12.Bg5 h6 13.Bxf6 Bxf6 14.Qd2 Bg7 15.dxe5 Nxe5
16.Nxe5 Rxe5 17.Ne3 Re8 18.Rad1 a5 19.a3 Be6 20.Bxe6 Rxe6 21.Nd5 c6 22.Nf4 Re8
23.g3 Qb6 24.Kg2 Rad8 25.Re3 Bf6 26.Rd3 Rxe4 27.Rxd6 Ree8 28.Nxg6 Bg5 29.Qc2
Rxd6 30.Rxd6 Qc7 31.Qd3 fxg6 32.Rd7 {#r} 1-0

[Event "Match \"]
[Site "masterchessopen.com Maribor (Slovenia)"]
[Date "2004.09.17"]
[Round "3"]
[White "Stellwagen Daniel (NED)"]
[Black "Mihalcisin Adrian (SLO)"]
[Result "1-0"]
[WhiteElo "2512"]
[BlackElo "2527"]

1.e4 e5 2.Nf3 Nc6 3.Bb5 g6 4.c3 a6 5.Ba4 d6 6.d4 Bd7 7.O-O Bg7 8.d5 Nce7 9.c4
b5 10.Bb3 Nf6 11.Qd3 O-O 12.Bd2 c6 13.dxc6 Bxc6 14.Nc3 bxc4 15.Qxc4 Nxe4
16.Nxe4 d5 17.Qc5 dxe4 18.Nxe5 Bxe5 19.Qxe5 Qxd2 20.Qxe7 Qxb2 21.Rac1 Rae8
22.Qb4 Bd5 23.Rc2 Qe5 24.Rc5 Rd8 25.Qa5 e3 26.Rxd5 exf2+ 27.Rxf2 {#r} 1-0

[Event "Memorial P.Keres (active)"]
[Site "masterchessopen.com Tallinn (Estonia)"]
[Date "2005.01.09"]
[Round "7"]
[White "Gelfand Boris (ISR)"]
[Black "Malaniuk Vladimir P (UKR)"]
[Result "1-0"]
[WhiteElo "2717"]
[BlackElo "2526"]

1.e4 e5 2.Nf3 Nc6 3.Bb5 g6 4.c3 a6 5.Ba4 d6 6.d4 Bd7 7.O-O Bg7 8.d5 Nce7
9.Bxd7+ Qxd7 10.c4 h6 11.Nc3 f5 12.Ne1 Nf6 13.f3 O-O 14.Nd3 c6 15.Be3 cxd5
16.cxd5 Rf7 17.Qb3 Raf8 18.Nf2 Kh7 19.Rac1 f4 20.Bb6 g5 21.Na4 Rc8 22.Ba5 Rxc1
23.Rxc1 b5 24.Nb6 Qb7 25.Qc2 Ne8 26.Nc8 h5 27.Nxe7 Qxe7 28.Qc8 g4 29.fxg4 f3
30.Qe6 Bh6 31.Rc8 Be3 32.Rxe8 Bxf2+ 33.Kxf2 Qh4+ 34.Kg1 {#r} 1-0

[Event "It (w)"]
[Site "masterchessopen.com Belgrade (Yugoslavia)"]
[Date "2005.03.11"]
[Round "6"]
[White "Trujillo Delgado Dafnae (ESP)"]
[Black "Semenova Irina (RUS)"]
[Result "0-1"]
[WhiteElo "2182"]
[BlackElo "2216"]

1.e4 e5 2.Nf3 Nc6 3.Bb5 a6 4.Ba4 d6 5.c3 g6 6.d4 Bd7 7.O-O Bg7 8.Re1 Nge7 9.d5
Nb8 10.Bxd7+ Nxd7 11.Be3 O-O 12.c4 h6 13.Nfd2 f5 14.f3 f4 15.Bf2 g5 16.Nc3 h5
17.b4 Nf6 18.c5 Kh8 19.Nc4 Rg8 20.Na4 Ng6 21.Rc1 g4 22.Na5 g3 23.hxg3 fxg3
24.Bxg3 h4 25.Bf2 Nh5 26.Rc2 Ngf4 27.Be3 Qg5 28.Qd2 Qg3 29.Rb1 Bh6 30.Nc4 Qxf3
31.Bxf4 Nxf4 32.Rb3 Nh3+ {#R} 0-1

[Event "Ch Russia (w)"]
[Site "masterchessopen.com Samara (Russia)"]
[Date "2005.03.25"]
[Round "3"]
[White "Bronnikova Elizaveta (RUS)"]
[Black "Semenova Irina (RUS)"]
[Result "1-0"]
[WhiteElo "2261"]
[BlackElo "2216"]

1.e4 e5 2.Nf3 Nc6 3.Bb5 a6 4.Ba4 d6 5.c3 g6 6.d4 Bd7 7.O-O Bg7 8.Be3 Nf6 9.Bc2
Qe7 10.Re1 O-O 11.Nbd2 h6 12.h3 Nh5 13.Nf1 Nd8 14.Qd2 g5 15.Ng3 Nxg3 16.fxg3
exd4 17.cxd4 Re8 18.Kh2 Ne6 19.e5 dxe5 20.Nxe5 Nf8 21.Rf1 Bxe5 22.dxe5 Qxe5
23.Bd4 Qe2 24.Qc3 Ne6 25.Bd3 Nxd4 26.Bxe2 Nxe2 27.Qf6 Be6 28.Rf2 Bd5 29.Qxh6
c6 30.Qxg5+ Kf8 31.Qh6+ Kg8 32.Rf5 {#r} 1-0

[Event "It (open)"]
[Site "masterchessopen.com Kuala Lumpur (Malaysia)"]
[Date "2005.08.21"]
[Round "4"]
[White "Son Asia (KAZ)"]
[Black "Dotsenko Viacheslav (RUS)"]
[Result "1-0"]
[WhiteElo "2105"]
[BlackElo "2059"]

1.e4 e5 2.Nf3 Nc6 3.Bb5 a6 4.Ba4 d6 5.c3 Bd7 6.d4 g6 7.O-O Bg7 8.Bg5 f6 9.Be3
Nh6 10.dxe5 Nxe5 11.Nxe5 fxe5 12.Bb3 Qe7 13.Nd2 O-O-O 14.f3 Nf7 15.Nc4 Ng5
16.Na5 Ne6 17.Bd5 b6 18.Bb7+ Kb8 19.Bxa6 Rdf8 20.Qd5 Nd8 21.Qb3 Be6 22.Bc4
Bxc4 23.Nxc4 Kc8 24.Qb5 Qe8 25.Qb3 Qc6 26.a4 Nb7 27.a5 bxa5 28.Nxa5 Nxa5
29.Rxa5 Kd7 30.Rfa1 Ke7 31.Ra6 Qd7 32.Qd5 Bf6 33.Ra7 Rc8 34.R1a6 Ke8 35.Bc5
Be7 36.Be3 Rf8 37.b4 Bf6 38.b5 Qf7 39.Rxd6 Qxd5 40.Rxd5 {#r} 1-0

[Event "Ch Europe (juniors) (under 14)"]
[Site "masterchessopen.com Herceg Novi (Montenegro)"]
[Round "5"]
[White "Iskos Alexandros (GRE)"]
[Black "Kharchenko Boris (UKR)"]
[Result "0-1"]
[WhiteElo "1998"]
[BlackElo "2376"]

1.e4 e5 2.Nf3 Nc6 3.Bb5 a6 4.Ba4 d6 5.c3 Bd7 6.d4 g6 7.O-O Bg7 8.Re1 Nge7 9.d5
Nb8 10.Bc2 O-O 11.Nbd2 f5 12.Nf1 f4 13.h3 Bf6 14.a4 a5 15.b4 g5 16.N3h2 Qe8
17.Ba3 h5 18.Qe2 Kg7 19.Reb1 axb4 20.Bxb4 g4 21.hxg4 hxg4 22.Nxg4 Qh5 23.Bd1
Bg5 24.c4 Ng6 25.Bd2 f3 26.gxf3 Bxd2 27.Qxd2 Nf4 28.Ng3 Qh3 29.Ne3 Rh8 {#R}
0-1

[Event "Memorial M.Chigorin (open)"]
[Site "masterchessopen.com St.Petersburg (Russia)"]
[Date "2005.10.15"]
[Round "1"]
[White "Chebotarev Oleg (RUS)"]
[Black "Semenova Irina (RUS)"]
[Result "0-1"]
[WhiteElo "2504"]
[BlackElo "2216"]

1.e4 e5 2.Nf3 Nc6 3.Bb5 a6 4.Ba4 d6 5.c3 g6 6.d4 Bd7 7.O-O Bg7 8.Be3 Nf6
9.Nbd2 Qe7 10.Re1 O-O 11.h3 b6 12.Bc2 Nh5 13.Nf1 Nf4 14.Qd2 g5 15.Ng3 Rad8
16.Nf5 Qf6 17.Nh2 Rfe8 18.Rad1 Ne7 19.Nxg7 Kxg7 20.Ng4 Bxg4 21.hxg4 Neg6 22.g3
Rh8 23.dxe5 dxe5 24.Qc1 h5 25.Rxd8 Qxd8 26.Qd1 Qc8 27.Bb3 Rd8 28.Bd2 hxg4
29.gxf4 Nh4 30.f5 Nf3+ 31.Qxf3 gxf3 32.Bxg5 Rh8 33.Rd1 Rh1+ {#R} 0-1

[Event "Ch Hungary (team) 2005/06"]
[Site "masterchessopen.com Hungary"]
[Date "2005.10.16"]
[Round "1"]
[White "Acs Peter (HUN)"]
[Black "Okhotnik Vladimir (FRA)"]
[Result "1-0"]
[WhiteElo "2518"]
[BlackElo "2440"]

{ Acs Peter (HUN) +0 =0 -1 } 1.e4 e5 2.Nf3 Nc6 3.Bb5 a6 4.Ba4 g6 5.c3 d6 6.d4
Bd7 7.O-O Bg7 8.Bg5 { = } ( 8.d5 Nb8 9.c4 Nf6 10.Nc3 O-O 11.Bxd7 Nbxd7 12.b4
a5 13.bxa5 Nc5 14.Qc2 Rxa5 15.a4 Nfd7 16.Be3 f5 17.Nd2 f4 18.Bxc5 Nxc5 19.f3
Qa8 20.Nb3 Nxb3 21.Qxb3 Qa7+ 22.Kh1 Rf7 23.Rfb1 c6 24.Qb6 Qa8 25.Ra3 Bf8 26.h3
Rd7 27.c5 dxc5 { ...0-1, Acs Peter 2521 - Tomashevsky Evgeny 2523 , Moscow 17.
2.2004 It (open) "Aeroflot" } ) 8...Nf6 9.Nbd2 { +0.44 CAP } ( 9.dxe5 dxe5
10.Nbd2 Qe7 11.Qe2 O-O 12.h3 h6 13.Bh4 g5 14.Nxg5 hxg5 15.Bxg5 Nd4 16.cxd4
Bxa4 17.f4 Bb5 18.Qf3 exd4 19.e5 Bxf1 20.Ne4 Qe6 21.Bxf6 Qf5 22.Rxf1 Rfe8
23.g4 Qg6 24.f5 Qh6 25.g5 Qh8 26.Bxg7 Kxg7 27.f6+ Kg8 28.Qf5 Kf8 { ...1-0,
Ostermeyer Peter Dr 2402 - Van Enk D 2235 , Groningen 1963 It } ) ( 9.Re1 h6
10.Bh4 Qe7 11.Nbd2 b5 12.Bc2 O-O 13.Nf1 Qe8 14.Ne3 Nh5 15.Nd5 Rc8 16.a4 g5
17.axb5 axb5 18.Bg3 Nf4 19.Ra6 Ne7 20.h4 f6 21.dxe5 fxe5 22.hxg5 Nexd5 23.exd5
Bg4 24.Bxf4 Rxf4 25.Qd3 Bxf3 26.Qh7+ Kf8 27.gxh6 Bf6 28.gxf3 Rxf3 { ...1-0,
Stein Leonid Z 2620 - Lutikov Anatoly S 2515 , Moscow 1967 It "Central Chess
Club" } ) 9...Qe7 { N } ( 9...O-O 10.Re1 Re8 11.Nf1 Ne7 12.dxe5 Bxa4 13.Qxa4
b5 14.Qc2 dxe5 15.Nxe5 Qd6 16.f4 h6 17.Bh4 g5 18.fxg5 Qxe5 19.gxf6 Bxf6
20.Bxf6 Qxf6 21.Ng3 Rad8 22.Rad1 Qb6+ 23.Kh1 Qe6 24.a3 Nd5 25.Qd2 Nf6 26.Qxd8
Ng4 27.Qd4 { 1-0, Stefany Jan - Cizek Ondrej, Frymburk 2000 It (open) (b) } )
( 9...h6 10.Bxf6 Qxf6 11.d5 Nb8 12.c4 O-O 13.b4 Qe7 14.Bxd7 Nxd7 15.Qb3 Rfc8
16.Rac1 c5 17.dxc6 Rxc6 18.Ne1 Bf6 19.Nd3 Bg5 20.Rfd1 Rac8 21.g3 h5 22.a4 Qe6
23.f4 exf4 24.Nf3 Bf6 25.Nxf4 Qxe4 26.c5 Ne5 27.Nd4 R6c7 28.Nd5 Ng4 29.Nf3 {
...1/2-1/2, Hoffmann Bernhard - Ballon Guenther Jan 2220 , Seefeld 2001 It
(open) } ) 10.d5 Nb8 11.c4 O-O 12.Bc2 h6 13.Bh4 c6 14.c5 b5 15.cxb6 cxd5
16.exd5 Qd8 17.Ne4 g5 18.Nxf6+ Qxf6 19.Qd3 Re8 20.Qe3 Qf4 { ?! } ( 20...a5 {
!? } 21.Bg3 Na6 22.Nd2 Qd8 23.Ne4 Nb4 24.Bb3 f5 25.b7 Ra6 26.a3 { } ) 21.b7
Qxe3 22.bxa8=Q Qb6 23.Nxg5 hxg5 24.Bxg5 Nc6 25.dxc6 Rxa8 26.cxd7 d5 27.Bf5 Bf6
28.Rac1 Rd8 29.Bxf6 Qxf6 30.Rc8 Kg7 31.Rfc1 Rxd7 32.Bxd7 e4 33.Ba4 Qxb2 34.Bb3
Qd2 35.Rd1 Qe2 36.Rd8 f5 37.R8xd5 Kf6 38.R5d2 Qh5 39.Rd6+ Kg5 40.g3 e3 { }
{#r} 1-0

[Event "It (open)"]
[Site "masterchessopen.com Sautron (France)"]
[Date "2005.10.22"]
[Round "1"]
[White "Colovic Aleksandar (MKD)"]
[Black "Vinsot Robin-Gael (FRA)"]
[Result "1-0"]
[WhiteElo "2473"]
[BlackElo "2094"]

1.e4 e5 2.Nf3 Nc6 3.Bb5 a6 4.Ba4 d6 5.c3 Bd7 6.d4 g6 7.O-O Bg7 8.Re1 f6 9.dxe5
Nxe5 10.Nd4 Bxa4 11.Qxa4+ Qd7 12.Qb3 O-O-O 13.c4 Ne7 14.Nc3 N7c6 15.Be3 Na5
16.Qc2 Naxc4 17.Nd5 Kb8 18.f4 Nxe3 19.Rxe3 Nc6 20.Nxc6+ bxc6 21.Qa4 {#r} 1-0

[Event "Match"]
[Site "masterchessopen.com Internet"]
[Date "2006.02.17"]
[Round "0"]
[White "Lahno Kateryna (UKR)"]
[Black "Mamedyarov Shakhriyar (AZE)"]
[Result "0-1"]
[WhiteElo "2459"]
[BlackElo "2728"]

1.e4 e5 2.Nf3 Nc6 3.Bb5 a6 4.Ba4 d6 5.c3 Bd7 6.d4 g6 7.O-O Bg7 8.d5 Nce7
9.Nbd2 h6 10.c4 f5 11.Ne1 Nf6 12.f3 O-O 13.Bxd7 Qxd7 14.b4 g5 15.Qc2 h5
16.exf5 Nxf5 17.Ne4 Nd4 18.Qd3 Qf5 19.Nc2 Nxe4 20.Nxd4 exd4 21.fxe4 Qxf1+
22.Qxf1 Rxf1+ 23.Kxf1 Rf8+ 24.Ke1 d3 25.Rb1 Bc3+ 26.Bd2 Bxd2+ 27.Kxd2 Rf2+
28.Kxd3 Rxg2 29.e5 dxe5 30.Re1 Rxh2 31.Rxe5 g4 32.Re7 g3 33.Ke3 h4 34.Rxc7 g2
35.Kf2 h3 36.Rc8+ Kg7 37.Rc7+ Kf6 38.Rc8 Rh1 {#R} 0-1

[Event "It (cat.1) (a)"]
[Site "masterchessopen.com Budapest (Hungary)"]
[Date "2006.05.07"]
[Round "2"]
[White "Kayar Erdem (TUR)"]
[Black "Turzo Attila (HUN)"]
[Result "0-1"]
[WhiteElo "2123"]
[BlackElo "2338"]

1.e4 e5 2.Nf3 Nc6 3.Bb5 a6 4.Ba4 d6 5.c3 Bd7 6.d4 g6 7.O-O Bg7 8.Bg5 f6 9.Be3
Nh6 10.h3 Nf7 11.Bb3 Qe7 12.Re1 O-O 13.dxe5 dxe5 14.a4 Rad8 15.Nbd2 Kh8 16.Qe2
f5 17.exf5 gxf5 18.Qc4 e4 19.Bc5 Nd6 20.Qd5 Be8 21.Nc4 Bf7 22.Bxd6 cxd6 23.Qd2
b5 24.axb5 axb5 25.Na5 Nxa5 26.Bxf7 Qxf7 27.Ng5 Qg6 28.Rxa5 h6 29.Nxe4 fxe4
30.Rxb5 Rg8 31.Rd1 Be5 32.g4 Rdf8 33.Ra1 Rf3 {#R} 0-1

[Event "Match (active)"]
[Site "masterchessopen.com Astana (Kazakhstan)"]
[Date "2006.12.20"]
[Round "3"]
[White "Sadvakasov Darmen (KAZ)"]
[Black "Mamedyarov Shakhriyar (AZE)"]
[Result "0-1"]
[WhiteElo "2596"]
[BlackElo "2728"]

{ Mamedyarov Shakhriyar (AZE) +0 =3 -0 } 1.e4 e5 2.Nf3 Nc6 3.Bb5 a6 4.Ba4 d6
5.c3 Bd7 6.d4 g6 7.O-O Bg7 8.d5 Nce7 9.c4 h6 ( 9...b5 10.cxb5 axb5 11.Bc2 Nf6
12.Bg5 h6 13.Bxf6 Bxf6 14.Qe2 Qb8 15.Bd3 O-O 16.Nc3 b4 17.Nb5 Nxd5 18.exd5 e4
19.Qxe4 Bxb5 20.Bxb5 Qxb5 21.Rac1 Rxa2 22.Rxc7 Re8 23.Qf4 g5 24.Qc1 Bxb2
25.Qc4 Qxc4 26.Rxc4 Rb8 27.h4 gxh4 28.Kh2 b3 29.Rb1 { ...0-1, Tolnai Tibor
2459 - Smagin Sergey 2555 , Voronezh 1987 Memorial A.Kotov } ) 10.Nc3 f5 { = }
( 10...Nf6 11.c5 O-O 12.b4 Bg4 13.h3 Bc8 14.Be3 Nh5 15.Bb3 f5 16.cxd6 cxd6
17.Na4 fxe4 18.Bb6 Qd7 19.Nd2 Nf4 20.Rc1 Nxg2 21.Rxc8 Qxh3 22.Rc3 e3 23.fxe3
Nh4 24.Qe2 e4 25.Rcc1 Nef5 26.Rf4 Nd4 27.Bxd4 Rxf4 28.Qh2 Nf3+ 29.Nxf3 Rg4+
30.Kf2 { ...0-1, Al-Modiahki Mohamad 2550 - Halkias Stelios 2571 , Bad Wiessee
12.11.2006 It (open) } ) 11.Qb3 ( 11.exf5 gxf5 12.Nh4 Nf6 13.f4 e4 14.Ne2 Bxa4
15.Qxa4+ Nd7 16.Be3 O-O 17.Bd4 c5 18.Bxg7 Kxg7 19.Ng3 Qe8 20.Rae1 Rd8 21.Qa5
Rc8 22.Qc3+ Kh7 23.Qc2 Kg8 24.Nxe4 fxe4 25.Qxe4 Rf7 26.Ng6 { 1-0, Onischuk
Alexander 2575 - Malaniuk Vladimir P 2580 , Nikolaev 1995 Zt } ) 11...Bxa4 { N
} ( 11...b6 12.Qc2 Nf6 13.b4 O-O 14.Bb3 a5 15.bxa5 Rxa5 16.Bb2 Kh8 17.a4 Ra8
18.Ne1 f4 19.Nb5 g5 20.Bc3 Ng6 21.a5 bxa5 22.Rxa5 Bxb5 23.cxb5 g4 24.Ra6 Qc8
25.Bc4 Rb8 26.Ba5 Qd7 27.Ra7 Rfc8 28.b6 cxb6 29.Rxd7 Nxd7 30.Qa4 Nc5 31.Qd1 {
...1-0, Szalanczy Emil 2369 - Zsinka Laszlo 2335 , Balatonbereny 1986 It
(open) } ) 12.Qxa4+ Qd7 13.Qb3 Nf6 { N } ( 13...O-O-O 14.Qc2 { -0.04 CAP } )
14.exf5 { +0.41 CAP } 14...Nxf5 15.Qxb7 O-O 16.Qb3 e4 17.Nd2 Rae8 18.Qd1 e3
19.Nf3 { ?! } ( 19.Nb3 { !? } 19...exf2+ 20.Rxf2 Ne4 21.Nxe4 Rxe4 22.Nd2 Ree8
23.Nf3 Nd4 24.Bd2 { } ) 19...Ng4 20.fxe3 Nfxe3 21.Bxe3 Nxe3 22.Qd3 Qg4 23.Qe2
Nxf1 24.Qxf1 Re3 25.Kh1 Bxc3 26.bxc3 Rxc3 27.Qe2 Rxc4 28.Re1 Rcf4 29.h3 Qf5
30.Rc1 Rf7 31.Rd1 Qe4 32.Qf2 Rxf3 33.gxf3 Rxf3 { } {#R} 0-1

[Event "Tournament \"]
[Site "masterchessopen.com Moscow (Russia)"]
[Date "2007.02.08"]
[Round "1"]
[White "Lavrusevich Alexey S (RUS)"]
[Black "Kartachov Vladislav (RUS)"]
[Result "0-1"]
[WhiteElo "2109"]
[BlackElo "2200"]

1.e4 e5 2.Nf3 Nc6 3.Bb5 a6 4.Ba4 d6 5.c3 Bd7 6.d4 g6 7.O-O Bg7 8.d5 Nce7
9.Bxd7+ Qxd7 10.c4 h6 11.Ne1 f5 12.f3 Nf6 13.Nc3 O-O 14.Nd3 g5 15.Bd2 Rf7
16.Nf2 f4 17.Rc1 h5 18.b4 g4 19.c5 Kh8 20.Kh1 Rg8 21.cxd6 cxd6 22.Qa4 Qd8
23.Qa5 Qf8 24.b5 Bh6 25.bxa6 Qg7 26.Rg1 bxa6 27.Qxa6 g3 28.Nh3 gxh2 29.Kxh2
Qg3+ 30.Kh1 Ng4 31.fxg4 f3 32.Bxh6 Rxg4 33.Qf1 Rh4 34.Rc2 fxg2+ 35.Qxg2 Rxh3+
36.Qxh3 Qxh3+ 37.Rh2 Qxc3 {#R} 0-1

[Event "It (open)"]
[Site "masterchessopen.com Klatovy (Czech Republic)"]
[Date "2007.07.03"]
[Round "4"]
[White "Lacina Adolf (CZE)"]
[Black "Stluka Frantisek (CZE)"]
[Result "1-0"]
[WhiteElo "2258"]
[BlackElo "2155"]

1.e4 e5 2.Nf3 Nc6 3.Bb5 a6 4.Ba4 d6 5.c3 Bd7 6.d4 g6 7.O-O Bg7 8.Re1 Nf6 9.Bg5
h6 10.Bh4 Qe7 11.d5 Nd8 12.Bxd7+ Qxd7 13.c4 O-O 14.Bxf6 Bxf6 15.Nc3 Bg7 16.Qc2
f5 17.exf5 gxf5 18.Rad1 Bf6 19.Ne2 Nf7 20.Ng3 e4 21.Nh5 Ng5 22.Nxf6+ Rxf6
23.Nd4 c5 24.dxc6 bxc6 25.Qa4 d5 26.cxd5 Qxd5 27.Nb3 Qb5 28.Qd4 Raf8 29.Qc3
Rg6 30.Kh1 f4 31.Nc5 e3 32.a4 f3 33.Rxe3 fxg2+ 34.Kg1 Qb8 35.Nd7 Rd8 36.Qc4+
Nf7 37.Re7 {#r} 1-0

[Event "It (open)"]
[Site "masterchessopen.com Montreal (Canada)"]
[Date "2007.07.21"]
[Round "2"]
[White "Aveskulov Valeriy (UKR)"]
[Black "Berry Jonathan (CAN)"]
[Result "1-0"]
[WhiteElo "2545"]
[BlackElo "2233"]

1.e4 e5 2.Nf3 Nc6 3.Bb5 g6 4.c3 a6 5.Ba4 d6 6.d4 Bd7 7.O-O Bg7 8.d5 Nb8 9.c4
Nf6 10.Nc3 O-O 11.Bxd7 Nbxd7 12.Ne1 Kh8 13.Nd3 Ng8 14.Be3 f5 15.f3 Bh6 16.Bf2
Qe7 17.b4 Ndf6 18.c5 fxe4 19.fxe4 Nh5 20.a4 Nf4 21.a5 Nf6 22.Nxf4 Bxf4 23.Qe2
h5 24.g3 Bh6 25.c6 Rfb8 26.Be3 Bxe3+ 27.Qxe3 Kg7 28.Rf3 b6 29.axb6 Rxb6 30.b5
Qe8 31.Rxf6 Kxf6 32.Qh6 {#r} 1-0

[Event "It (open) \"]
[Site "masterchessopen.com Athens (Greece)"]
[Date "2007.08.14"]
[Round "1"]
[White "Haznedaroglu Kivanc (TUR)"]
[Black "Delithanasis Dimitrios (GRE)"]
[Result "1-0"]
[WhiteElo "2468"]
[BlackElo "2204"]

1.e4 e5 2.Nf3 Nc6 3.Bb5 g6 4.c3 a6 5.Ba4 d6 6.d4 Bd7 7.O-O Bg7 8.d5 Nce7 9.c4
b5 10.cxb5 axb5 11.Bc2 h6 12.Bd2 f5 13.exf5 gxf5 14.Bc3 Nf6 15.Bb3 Ng6 16.Bb4
O-O 17.Nc3 Kh7 18.Rc1 e4 19.Nd4 Ne5 20.Ncxb5 Nd3 21.Qd2 Nxc1 22.Rxc1 Ne8
23.Ne6 Bxe6 24.dxe6 c5 25.Bxc5 dxc5 26.Qxd8 Rxd8 27.e7 Rd2 28.exf8=Q Bxf8
29.g3 Rxb2 30.Rd1 Nf6 31.Na3 Ng4 32.Nc4 Re2 33.h3 {#r} 1-0

[Event "It (open)"]
[Site "masterchessopen.com Paington (England)"]
[Date "2007.09.04"]
[Round "3"]
[White "Richmond P (WLS)"]
[Black "Berry Stephen (ENG)"]
[Result "0-1"]
[WhiteElo "2250"]
[BlackElo "2353"]

1.e4 e5 2.Nf3 Nc6 3.Bb5 a6 4.Ba4 d6 5.c3 Bd7 6.d4 g6 7.O-O Bg7 8.d5 Nce7
9.Bxd7+ Qxd7 10.c4 Nf6 11.Nc3 O-O 12.c5 h6 13.cxd6 cxd6 14.a4 Rac8 15.a5 Rxc3
16.bxc3 Nxe4 17.Qb3 Rc8 18.c4 Nc5 19.Qb1 Qg4 20.Nd2 Nf5 21.Ra3 Qe2 22.Ra2 Nh4
23.Ba3 Qg4 24.g3 e4 25.Bxc5 Nf3+ 26.Kg2 Nxd2 27.Rxd2 Rxc5 28.Re1 Rxc4 29.h3
Qf3+ 30.Kg1 Bd4 31.Rde2 Qxg3+ 32.Kf1 Qxh3+ 33.Kg1 Be5 34.f4 Bd4+ {#R} 0-1

[Event "Memorial E.Geller (open)"]
[Site "masterchessopen.com Odessa (Ukraine)"]
[Date "2007.09.11"]
[Round "4"]
[White "Pavlov Sergey (UKR)"]
[Black "Semenova Irina (RUS)"]
[Result "0-1"]
[WhiteElo "2416"]
[BlackElo "2216"]

1.e4 e5 2.Nf3 Nc6 3.Bb5 a6 4.Ba4 d6 5.c3 g6 6.d4 Bd7 7.O-O Bg7 8.Re1 Nge7
9.Be3 O-O 10.d5 Nb8 11.Bxd7 Nxd7 12.c4 h6 13.Nfd2 f5 14.f3 f4 15.Bf2 g5 16.Nc3
Ng6 17.b4 h5 18.c5 Nf6 19.Nc4 g4 20.cxd6 cxd6 21.Bb6 Qe7 22.Qe2 Rac8 23.Rac1
gxf3 24.gxf3 Nh4 25.Nd2 Nh7 26.Kh1 Kh8 27.Qf2 Bf6 28.Ne2 Qd7 29.a3 Rg8 30.Qf1
Rg2 31.Rxc8+ Qxc8 32.Rc1 Qh3 33.Bg1 Bd8 34.Nb3 Bb6 35.Ned4 exd4 36.Nxd4 Ng5
37.Ne6 Rxg1+ {#R} 0-1

[Event "Memorial E.Geller (open)"]
[Site "masterchessopen.com Odessa (Ukraine)"]
[Date "2007.09.13"]
[Round "6"]
[White "Solodovnichenko Yuri (UKR)"]
[Black "Semenova Irina (RUS)"]
[Result "1-0"]
[WhiteElo "2564"]
[BlackElo "2216"]

1.e4 e5 2.Nf3 Nc6 3.Bb5 a6 4.Ba4 d6 5.c3 g6 6.d4 Bd7 7.O-O Bg7 8.Re1 Nge7
9.Be3 O-O 10.Nbd2 h6 11.dxe5 dxe5 12.Bb3 b6 13.a4 g5 14.h4 g4 15.Nh2 h5
16.Ndf1 Na5 17.Ba2 Ng6 18.Bg5 Qe8 19.Ng3 Bxa4 20.b3 Bd7 21.b4 Nb7 22.Nxh5 Qc8
23.Qd2 Nd6 24.Bf6 Nxe4 25.Rxe4 Bf5 26.Bxg7 Nf4 27.Bxe5 {#r} 1-0